000 00542nam a2200181 4500
001 139636
003 ES-MaACL
005 20230906195847.0
007 t|
008 070214s1967 sp r ||||1| spa d
100 1 _aSavidan, L.
_9104068
245 1 0 _aResinas cambiadoras de iones /
_cL. Savidan ; versión española de Oscar García Martínez.
250 _a1ª. ed.
260 _aMadrid :
_bAlhambra,
_c1967.
300 _aVIII, 155 p. ;
_c20 cm.
700 1 _aGarcía Martínez, Oscar.
_954917
852 _aES-MaACL
_jC-31895
_bR.62503
999 _c139636
_d139636